Score 0/100 Timer 15:00
0 Plays Today
Type and Sales Name % Correct
Burger - $34,172.0Mcdonalds
97.7%
Burger - $8,131.0Burger King
95.8%
Sandwich - $11,434.0Subway
95.7%
Mexican - $7,000.0Taco Bell
92.4%
Burger - $8,108.0Wendy's
92.3%
Pizza - $5,500.0Pizza Hut
91.5%
Chicken - $4,600.0KFC
90.5%
Beverage and Snack - $8,490.0Starbucks
88%
Pizza - $3,442.9Domino's
83.2%
Beverage and Snack - $5,931.0Dunkin Donuts
78.1%
Pizza - $2,204.0Papa John's
76.2%
Casual Dining - $4,428.1Applebee's
72.8%
Mexican - $2,264.5Chipotle
71.6%
Sandwich - $2,940.6Arby's
71.2%
Casual Dining - $3,585.0Olive Garden
69.6%
Sandwich/Ice Cream - $2,660.0Dairy Queen
69.6%
Chicken - $1,704.0Popeye's
68.6%
Chicken - $3,992.6Chick-fil-a
68.2%
Bakery/Cafe - $3,197.0Panera
65.5%
Casual Dining - $2,632.0Red Lobster
64.1%
Burger - $3,689.0Sonic
62.7%
Chinese - $1,531.8Panda Express
62.5%
Seafood - $705.0Long John Silver's
59.8%
Burger - $1,906.0Hardee's
59.4%
Casual Dining - $3,564.0Chili's
58.9%
Family - $2,332.0Denny's
58.1%
Family - $2,618.0IHOP
56.2%
Sandwich - $849.0Quiznos
55.8%
Burger - $950.6Five Guys
53.7%
Burger - $2,946.3Jack in the Box
52.8%
Burger - $528.4White Castle
52.8%
Hotel - $1,222.0Hilton
52.6%
Beverage and Snack - $497.0Baskin Robbins
51.7%
Sandwich - $1,014.0Jimmy John's
50.1%
Type and Sales Name % Correct
Burger - $1,399.0Carl's Jr.
49.9%
Burger - $1,311.2Whataburger
49.3%
Hotel - $850.6Holiday Inn
48.7%
Casual Dining - $1,816.0T.G.I. Friday's
47.5%
Casual Dining - $1,232.7Red Robin
46.8%
Casual Dining - $2,327.0Outback Steakhouse
45.3%
Mexican - $528.7Qdoba
44.9%
Buffet - $1,683.4Golden Corral
44.8%
Beverage and Snack - $531.7Krispy Kreme
44.7%
Hotel - $1,284.0Marriot
43.8%
Mexican - $590.7Del Taco
41.9%
Casual Dining - $2,040.3Buffalo Wild Wings
41.5%
Convenience Store - $1,771.07 Eleven
41%
Family - $1,934.0Cracker Barrel
40.1%
Burger - $430.1Checkers
39.8%
Casual Dining - $1,367.0Ruby Tuesday
39.4%
Casual Dining - $1,545.4The Cheesecake Factory
37.9%
Casual Dining - $1,356.0Texas Roadhouse
37.8%
Burgers - $747.7Culver's
37.6%
Family - $960.0Waffle House
37.1%
Italian - $424.0Sbarro
36.4%
Pizza - $695.9Papa Murphy's
36.3%
Casual Dining - $930.4P.F. Chang's
36.1%
Family - $791.0Steak n Shake
35.7%
Wholesale Store - $552.4Costco
35.7%
Bakery/Cafe - $479.0Tim Hortons
35.6%
Burger - $596.0In-N-Out Burger
35.3%
Chicken - $532.3Boston Market
35.3%
Chicken - $840.0Zaxby's
35%
Chicken - $767.4Bojangles
32.3%
Chicken - $558.0El Pollo Loco
31.7%
Chicken - $864.3Church's Chicken
31.4%
Casual Dining - $852.0Hooters
31%
Beverage and Snack - $439.0Jamba Juice
30.9%
Type and Sales Name % Correct
Family - $688.9Perkins
29.5%
Casual Dining - $681.0California Pizza Kitchen
29.1%
Convenience Store - $530.0Wawa
28.3%
Seafood - $433.3Captain D's
28%
Pizza - $1,427.0Little Caesars Pizza
26.5%
Casual Dining - $1,119.0Longhorn Steakhouse
26.5%
Family - $559.6Friendly's
26.4%
Family - $406.8Chuck E. Cheese's
26%
Hotel - $575.0Hyatt
25.3%
Family - $959.0Bob Evan's
25.2%
Convenience Store - $565.6Circle K
25%
Pizza - $516.0CiCi's Pizza
23.5%
Sandwich - $540.1Jason's Deli
23.1%
Hotel - $916.0Sheraton
20.7%
Casual Dining - $686.0Carrabba's
20.2%
Burger - $411.8Krystal
20.2%
Casual Dining - $620.9BJ's
20%
Casual Dining - $392.2On the Border
18%
Casual Dining - $492.2Famous Dave's
17.6%
Casual Dining - $661.2Logan's Roadhouse
17.3%
Convenience Store - $447.9Sheetz
17.2%
Casual Dining - $459.0Bonefish Grill
17.1%
Casual Dining - $532.8O'Charley's
16.8%
Theme Park - $1,451.0Disney Theme Parks
16.4%
Casual Dining - $438.3Cheddar's
15.8%
Bakery/Cafe - $436.0Einstein Bro's Bagels
15%
In-Store - $474.2Target Cafe
14.2%
Hotel - $470.0Westin
14.1%
Casual Dining - $655.0Romano's Macaroni Grill
13%
Casual Dining - $475.9Ruth's Chris Steakhouse
12%
Family - $404.0Big Boy Restaurant
11.2%
Convenience Store - $500.0Casey's General Store
11.1%
Remove Ads.
Support Sporcle.
Get the best of Sporcle when you Go Orange. This ad-free experience offers more features, more stats, and more fun while also helping to support Sporcle. Thank you for becoming a member.

You're not logged in!

Compare scores with friends on all Sporcle quizzes.
OR
Log In

Show Comments

Extras

Top Quizzes Today


Score Distribution

Your Account Isn't Verified!

In order to create a playlist on Sporcle, you need to verify the email address you used during registration. Go to your Sporcle Settings to finish the process.

Report this User

Report this user for behavior that violates our Community Guidelines.

Details: